Using economic indicators to improve investment analysis

Bibliographic Details
Main Author: Tainer, Evelina M. (Author)
Format: Book
Language:English
Published: New York : John Willey & Sons 1998
Edition:Second Edition
Subjects:

MARC

LEADER 00000cam a2200000 7i4500
001 0000009739
005 20241004.0
008 011030 nyua eng
020 |a 0471254312 
040 |a INS   |b eng   |e rda 
090 0 0 |a HG4529   |b .T34 1998 
100 1 |a Tainer, Evelina M. ,   |e author 
245 1 0 |a Using economic indicators to improve investment analysis   |c Evelina M. Tainer 
250 |a Second Edition 
264 1 |a New York :   |b John Willey & Sons   |c 1998 
264 4 |c ©1998 
300 |a xiv, 306 pages :   |b illustrations ;   |c 24 cm. 
336 |a text  |2 rdacontent 
337 |a unmediated  |2 rdamedia 
338 |a volume  |2 rdacarrier 
504 |a Includes bibliographical references and index 
650 0 |a Economic indicators   |z United States 
650 0 |a Investment analysis   |x Statistical methods 
999 |a 0000008309   |b BOOK   |c Open Shelf   |e Default branch